Statistics for Italy 1843 - with map

Click here to take the quiz!

General Stats

  • This quiz has been taken 264 times
    (252 since last reset)
  • The average score is 7 of 8

Answers on the Map

Answers color-coded by a green-red scale on the quiz's map according to % correct below.
 

Answer Stats

Answer% Correct
Kingdom of Lombardy-Venetia (Austrian Empire)
96%
Kingdom of Sardinia
96%
Papal States
95%
Kingdom of Sicily
94%
Grand Duchy of Tuscany
89%
Duchy of Modena
73%
Duchy of Parma
71%
Republic of Lucca
69%

Score Distribution

Percentile by Number Answered

Percent of People with Each Score

Your Score History

You have not taken this quiz since the last reset